00549nam a2200181 a 450000100100000000500170001000800410002704000250006808200180009310000370011124500640014826000330021230000210024549000290026665000220029565000260031783000240034300002123020200930011252.0100902s1969 sp r 000 | spa d aDO-SdBNPbspacBNPHU a863.64bS227u1 aSanjuán, José Maríad1937-10aUn puñado de manzanas verdes /cJosé María Sanjuán. aBarcelona :bDestino,c1969. a115 p. ;c18 cm.1 aÁncora y Delfínv323 4aNovela española 4aLiteratura española 0aÁncora y Delfín